000 00255nam a22001097a 4500
082 _a643.7 AUD'T
100 _aTHEODORE
_960492
245 _aAUDELS DO-IT-YOURSELF ENCYCLOPEDIA VOL-2
260 _aNEWYORK
_bTHEODORE
_c1960
300 _a1012P
942 _cBK
999 _c570197
_d570197